000 00754nam a22002057a 4500
999 _c9121
_d9121
003 AR-CdUCM
008 190327b ||||| |||| 00| 0 spa d
040 _aMUNICIPALIDAD PROVINCIAL DEL CUSCO
_cBIBLIOTECA MUNICIPAL DEL CUSCO
082 _a512 /
_bA46
100 _aAltamirano Alegría, Jhonatan
_925133
245 _aEl chankita :
_bInecuaciones /
260 _aCusco :
_bAtlas,
_c2016.
300 _a143 paginas ;
_c20 cm.
505 _aContenido :Expresiones algebraicas --Valor numérico --Polinomios especiales --Problemas resueltos --Solución ficha cepru --Problemas propuestos ...
650 _aÁlgebra
_919778
650 _aProblemas, ejercicios, etc
_925134
650 _aEstudio y enseñanza
_92610
942 _2ddc
_cLIBROS
945 _arjall